00784nam a22001937a 4500003000400000005001700004008004100021040000900062100003300071245012400104260006700228260005100295300001100346610004800357650005100405942001300456999001500469952010600484OSt20131213174201.0130425s2005 sp ||||| |||| 00| 0 spa d cCDMR1 93287aCerdán Tato, Enrique10a100 años de periodistas y periódicosb: historia de la Asociación de la Prensa de AlicantecEnrique Cerdán Tato a[Alicante]bCaja de Ahorros del Mediterráneo. Obras sociales bAsociación de la Prensa de AlicantecDL 2005 a243 p.2 93889aAsociación de la Prensa de Alicante049216aAssociacions de professionals i tècnics 2udccMON c6143d6143 00104070aCDMRbCDMRd2013-01-16l1oDt 15/1pCDMR13046277r2014-02-11s2014-02-11w2013-04-25yMON